Demostraciones de electromagnetismo
Zapisane w:
| 1. autor: | |
|---|---|
| Kolejni autorzy: | |
| Format: | Książka |
| Język: | Spanish |
| Wydane: |
[San José, Costa Rica]
2011
|
| Hasła przedmiotowe: | |
| Etykiety: |
Dodaj etykietę
Nie ma etykietki, Dołącz pierwszą etykiete!
|
MARC
| LEADER | 00000nam a22000007a 4500 | ||
|---|---|---|---|
| 003 | 010640 | ||
| 005 | 20240404081248.0 | ||
| 008 | 151110b2011 c a|||| |||| 00| ||spa d | ||
| 040 | |c cru CEDI | ||
| 090 | |a TFG 6472 | ||
| 100 | |a Villalta Romero, María del Milagro, 1988- |9 2871 | ||
| 245 | |a Demostraciones de electromagnetismo | ||
| 260 | |a [San José, Costa Rica] |c 2011 | ||
| 500 | |a Proyecto de graduación (bachillerato en ingeniería eléctrica)--Universidad de Costa Rica. Facultad de Ingeniería. Escuela de Ingeniería Eléctrica | ||
| 501 | |a Profesor Guía de IE-0502 Proyecto Eléctrico: Ing. Fabian Abarca Calderón | ||
| 650 | |x ELECTROMAGNETISMO |9 2241 | ||
| 700 | |a Abarca Calderón, Fabián, 1986- |d Director de Proyecto Eléctrico |9 1071 | ||
| 942 | |c TFG |h TFG 6472 |i 010640 |6 TFG_6472_010640000000000 | ||
| 999 | |c 14477 |d 14477 | ||
